000 02063nam0a2200397 4500
001 RU\NLR\bibl\244271
005 20250619114718.0
010 _a5-86328-389-0
_9150
021 _aRU
_b2001-58650
_92853
035 _a(NLR Aleph) 000240133
090 _a1399353
_c1399353
100 _a20020320d2000 |||y0rusy50 ca
101 0 _arus
102 _aRU
105 _aa |||||||||
200 1 _aКомпьютерное моделирование физико-химических свойств стекол и расплавов
_e5-й Рос. семинар, 16-20 окт. 2000 г.
_f[Отв. ред. Бухтояров О. И.]
210 _aКурган
_cИзд-во Курган. гос. ун-та
_d2000
215 _a126 с.
_cил.
_d21
300 _aВ надзаг.: М-во образования Рос. Федерации, Курган. гос. ун-т
320 _aБиблиогр. в конце докл.
606 0 _aСтекло
_jСъезды, совещания и т.п.
_xФизико-химические свойства
_xМатематическое моделирование
_91070457
_3RU\NLR\auth\6698326
606 0 _aРасплавы
_jСъезды, совещания и т.п.
_xФизико-химические свойства
_xМатематическое моделирование
_91070453
_3RU\NLR\auth\6698323
610 0 _aСтекло - Физико-химические свойства - Математическое моделирование
610 0 _aРасплавы - Физико-химические свойства - Математическое моделирование
675 _a666.11.01:004.925(082)
_v3
_zrus
686 _a61.35
_2rugasnti
686 _a35.41
_2rubbk
686 _aЛ43-106с116я431
686 _aГ562.4с11я431
702 1 _aБухтояров
_bО. И.
_4340
801 0 _aRU
_bRKP
_c20020320
_gPSBO
801 1 _aRU
_bRKP
_c20020320
801 2 _aRU
_bNLR
_c20020423
_grcr
942 _cBOOK
980 _aNB